[Event "POL-chT Academic"]
[Site "Chorzow"]
[Date "2022.04.02"]
[Round "2.24"]
[White "Swiech, Joanna"]
[Black "Frej, Zofia"]
[Result "1/2-1/2"]
[WhiteElo "1714"]
[BlackElo "1855"]
[PlyCount "70"]
[EventDate "2022.04.02"]
[EventType "team-swiss (rapid)"]
[EventRounds "9"]
[EventCountry "POL"]
[SourceTitle "EXT 2024"]
[Source "ChessBase"]
[SourceDate "2023.10.10"]
[SourceVersion "1"]
[SourceVersionDate "2023.10.10"]
[SourceQuality "1"]

1. d4 d5 2. c4 e6 3. Nc3 c5 4. cxd5 exd5 5. Nf3 Nc6 6. e3 Nf6 7. Be2 c4 8. b3 Bb4 9. Bd2 Bxc3 10. Bxc3 Ne4 11. Qc1 cxb3 12. axb3 Qb6 13. Qb2 Bf5 14. 0-0 0-0 15. Nh4 Be6 16. Bd3 Nxc3 17. Qxc3 Rac8 18. Qb2 Nb4 19. Qd2 Nxd3 20. Qxd3 Rc7 21. Rfc1 Rfc8 22. Rxc7 Rxc7 23. h3 a6 24. Nf3 f6 25. Rb1 Qc6 26. Qd2 Bf5 27. Rb2 Be4 28. b4 Qd7 29. Kh2 Qd6+ 30. Kg1 Qd7 31. Kh2 Bxf3 32. gxf3 Qf5 33. Kg2 Qg5+ 34. Kh2 Qf5 35. Kg2 Qg5+ 1/2-1/2

[Event "POL-chT Academic"]
[Site "Chorzow"]
[Date "2022.04.02"]
[Round "4.24"]
[White "Swiech, Joanna"]
[Black "Sliwicka, Alicja"]
[Result "0-1"]
[WhiteElo "1714"]
[BlackElo "2130"]
[PlyCount "58"]
[EventDate "2022.04.02"]
[EventType "team-swiss (rapid)"]
[EventRounds "9"]
[EventCountry "POL"]
[SourceTitle "EXT 2024"]
[Source "ChessBase"]
[SourceDate "2023.10.10"]
[SourceVersion "1"]
[SourceVersionDate "2023.10.10"]
[SourceQuality "1"]

1. d4 Nf6 2. c4 c5 3. Nf3 cxd4 4. Nxd4 e5 5. Nf3 Nc6 6. e3 Bc5 7. Nc3 d6 8. a3 a6 9. Be2 Be6 10. Ng5 0-0 11. 0-0 Qe7 12. Nxe6 fxe6 13. b4 Ba7 14. Bb2 Rad8 15. Qb3 Kh8 16. Rad1 e4 17. Qc2 d5 18. b5 axb5 19. cxb5 Nb8 20. a4 Nbd7 21. a5 Bb8 22. a6 bxa6 23. bxa6 Ne5 24. Ra1 Neg4 25. Bxg4 Nxg4 26. h3 Qd6 27. g3 Rxf2 28. Rxf2 Qxg3+ 29. Rg2 Qxe3+ 0-1

[Event "Ustron op-B"]
[Site "Ustron"]
[Date "2020.08.15"]
[Round "7"]
[White "Grochol, Kamil"]
[Black "Swiech, Joanna"]
[Result "1/2-1/2"]
[WhiteElo "2027"]
[BlackElo "1874"]
[PlyCount "97"]
[EventDate "2020.08.15"]
[EventType "swiss"]
[EventRounds "9"]
[EventCountry "POL"]
[SourceTitle "EXT 2021"]
[Source "ChessBase"]
[SourceDate "2020.10.23"]
[SourceVersion "1"]
[SourceVersionDate "2020.10.23"]
[SourceQuality "1"]

1. d4 d5 2. Bf4 Nf6 3. e3 e6 4. Nd2 b6 5. c3 Bb7 6. Ngf3 Bd6 7. Bg3 Qe7 8. Bd3 Nbd7 9. Ne5 0-0 10. f4 Ne4 11. 0-0 f5 12. Ndf3 Ndf6 13. Bh4 Qe8 14. a4 a5 15. Nd2 Nxd2 16. Qxd2 Qh5 17. Bxf6 gxf6 18. Nf3 Kh8 19. Kh1 Rg8 20. Qf2 Ba6 21. Bxa6 Rxa6 22. b3 c6 23. Rfc1 Raa8 24. c4 Rgc8 25. Qe2 Qe8 26. Qd3 Qd7 27. g3 Rc7 28. Rc2 Be7 29. Rg1 Rg8 30. Rcg2 Qe8 31. g4 fxg4 32. Rxg4 Rxg4 33. Rxg4 f5 34. Rg3 Bf6 35. Kg2 Qf8 36. Ng5 Bxg5 37. Rxg5 Rg7 38. Rg3 Qb4 39. cxd5 cxd5 40. Qc2 Rxg3+ 41. hxg3 Qe1 42. Qc8+ Kg7 43. Qd7+ Kf6 44. Qd8+ Kf7 45. Qd7+ Kf6 46. Qd8+ Kf7 47. Qc7+ Kf6 48. Qe5+ Kf7 49. Qc7+ 1/2-1/2

[Event "Wch U18 Girls"]
[Site "Mumbai"]
[Date "2019.10.06"]
[Round "6"]
[White "Nilssen, Ellen Fredericia"]
[Black "Swiech, Joanna"]
[Result "1/2-1/2"]
[WhiteElo "2137"]
[BlackElo "2054"]
[PlyCount "61"]
[EventDate "2019.10.02"]
[EventType "swiss"]
[EventRounds "11"]
[EventCountry "IND"]
[SourceTitle "EXT 2020"]
[Source "ChessBase"]
[SourceDate "2019.10.17"]
[SourceVersion "1"]
[SourceVersionDate "2019.10.17"]
[SourceQuality "1"]

1. d4 d5 2. c4 e6 3. g3 Nf6 4. Bg2 c6 5. Nf3 Bd6 6. 0-0 Nbd7 7. Qc2 0-0 8. b3 Ne4 9. Bb2 Qc7 10. Nc3 f5 11. a4 Ndf6 12. Ne1 Bd7 13. Nd3 b6 14. Rac1 Rac8 15. e3 Nxc3 16. Qxc3 Ne4 17. Qe1 Qd8 18. Qe2 Qe7 19. Rc2 c5 20. Rfc1 dxc4 21. Rxc4 cxd4 22. Rxc8 Rxc8 23. Rxc8+ Bxc8 24. exd4 Bb7 25. Ne5 Bxe5 26. dxe5 Qc5 27. h4 Bd5 28. Bxe4 Bxe4 29. Qd2 Qd5 30. Qxd5 Bxd5 31. b4 1/2-1/2

[Event "POL-chT 2nd League"]
[Site "Jastrzebia Gora"]
[Date "2019.09.14"]
[Round "8.1"]
[White "Czerwinska, Milena"]
[Black "Swiech, Joanna"]
[Result "1/2-1/2"]
[WhiteElo "2006"]
[BlackElo "2055"]
[PlyCount "94"]
[EventDate "2019.09.07"]
[EventType "team-swiss"]
[EventRounds "9"]
[EventCountry "POL"]
[SourceTitle "EXT 2020"]
[Source "ChessBase"]
[SourceDate "2019.10.17"]
[SourceVersion "1"]
[SourceVersionDate "2019.10.17"]
[SourceQuality "1"]
[WhiteTeam "Ostrow Wielkopolski"]
[BlackTeam "Czarna LKSz"]
[WhiteTeamCountry "POL"]
[BlackTeamCountry "POL"]

1. e4 e5 2. Nf3 Nc6 3. d4 exd4 4. Nxd4 Nf6 5. Nxc6 bxc6 6. e5 Qe7 7. Qe2 Nd5 8. c4 Ba6 9. Nd2 g6 10. Nf3 Bg7 11. Bg5 Qb4+ 12. Qd2 Qxd2+ 13. Bxd2 Nb6 14. b3 0-0 15. 0-0-0 Rfe8 16. Re1 c5 17. Bd3 Bb7 18. Be4 Bxe4 19. Rxe4 Re7 20. Ree1 Rae8 21. Bf4 a5 22. a4 h6 23. h4 Re6 24. Kd1 Nc8 25. Bd2 Ra6 26. Kc2 Na7 27. Bc3 Nc6 28. Rd1 d6 29. exd6 cxd6 30. Bxg7 Kxg7 31. Rhe1 Re6 32. Kc3 Kf6 33. Rxe6+ Kxe6 34. Re1+ Kd7 35. Re2 Ra8 36. Re4 Re8 37. Rxe8 Kxe8 38. Kd3 Ke7 39. Ke4 f5+ 40. Ke3 Ke6 41. g3 Kf6 42. Kd3 Ne5+ 43. Ke3 Nxf3 44. Kxf3 Ke5 45. Ke3 g5 46. hxg5 hxg5 47. f4+ gxf4+ 1/2-1/2

[Event "EU-ch U18 Girls"]
[Site "Bratislava"]
[Date "2019.08.05"]
[Round "4"]
[White "Gajcin, Marina"]
[Black "Swiech, Joanna"]
[Result "1-0"]
[WhiteElo "2267"]
[BlackElo "2025"]
[PlyCount "79"]
[EventDate "2019.08.02"]
[EventType "swiss"]
[EventRounds "9"]
[EventCountry "SVK"]
[SourceTitle "CBM 191 Extra"]
[Source "ChessBase"]
[SourceDate "2019.09.30"]
[SourceVersion "1"]
[SourceVersionDate "2019.09.30"]
[SourceQuality "1"]

1. e4 e5 2. Nf3 Nc6 3. Bc4 Nf6 4. d3 Be7 5. Nc3 d6 6. a3 0-0 7. 0-0 Na5 8. Ba2 c5 9. h3 Nc6 10. Re1 Be6 11. Nd5 Bxd5 12. exd5 Nb8 13. b4 Nbd7 14. bxc5 Nxc5 15. Be3 Nfd7 16. d4 exd4 17. Bxd4 Bf6 18. c3 Re8 19. Qc2 g6 20. Rxe8+ Qxe8 21. h4 Qe4 22. Qd2 Qe7 23. Re1 Qf8 24. Qe3 h5 25. Ng5 Rc8 26. Bb1 Qg7 27. Bc2 Bxd4 28. cxd4 Na6 29. Bb3 Nc7 30. Qh3 f5 31. Ne6 Nxe6 32. dxe6 Nf6 33. e7+ Kh7 34. Qe3 Ne8 35. Qe6 Rb8 36. Rc1 a6 37. a4 b5 38. a5 Qf6 39. Qg8+ Kh6 40. Qf8+ 1-0

[Event "EU-ch U18 Girls"]
[Site "Bratislava"]
[Date "2019.08.04"]
[Round "3"]
[White "Swiech, Joanna"]
[Black "Tonso, Liina"]
[Result "1/2-1/2"]
[WhiteElo "2025"]
[BlackElo "1711"]
[PlyCount "62"]
[EventDate "2019.08.02"]
[EventType "swiss"]
[EventRounds "9"]
[EventCountry "SVK"]
[SourceTitle "CBM 191 Extra"]
[Source "ChessBase"]
[SourceDate "2019.09.30"]
[SourceVersion "1"]
[SourceVersionDate "2019.09.30"]
[SourceQuality "1"]

1. d4 f5 2. c4 Nf6 3. Nf3 g6 4. Nc3 Bg7 5. Qc2 d6 6. e3 0-0 7. Bd3 Qe8 8. d5 a5 9. 0-0 Na6 10. Re1 c6 11. e4 fxe4 12. Nxe4 Nb4 13. Qb3 Nxd3 14. Qxd3 Bf5 15. Nxf6+ Bxf6 16. Qb3 Qd7 17. Bg5 a4 18. Qa3 c5 19. Bxf6 exf6 20. Nh4 Rfe8 21. Nxf5 Qxf5 22. Rxe8+ Rxe8 23. Qxa4 Re2 24. Rf1 Qe5 25. Qa8+ Kg7 26. Qxb7+ Kh6 27. Qb3 Rxb2 28. Qh3+ Kg7 29. Qd7+ Kh6 30. Qh3+ Kg7 31. Qd7+ Kh6 1/2-1/2

[Event "Police Gniota Memorial 34th"]
[Site "Police"]
[Date "2019.07.14"]
[Round "5"]
[White "Laux, Dominik"]
[Black "Swiech, Joanna"]
[Result "1-0"]
[WhiteElo "1987"]
[BlackElo "1879"]
[PlyCount "67"]
[EventDate "2019.07.10"]
[EventType "swiss"]
[EventRounds "9"]
[EventCountry "POL"]
[SourceTitle "EXT 2020"]
[Source "ChessBase"]
[SourceDate "2019.10.17"]
[SourceVersion "1"]
[SourceVersionDate "2019.10.17"]
[SourceQuality "1"]

1. d4 d5 2. Bf4 Nf6 3. e3 e6 4. Nf3 Bd6 5. c3 b6 6. Nbd2 Bb7 7. Bd3 c5 8. Ne5 0-0 9. h4 Ne4 10. Nxe4 dxe4 11. Bc4 Bd5 12. Qb3 Bxe5 13. Bxe5 Nc6 14. Bxd5 exd5 15. Bg3 cxd4 16. cxd4 Na5 17. Qb5 Nc4 18. 0-0 a6 19. Qb4 a5 20. Qb5 a4 21. b3 Ra5 22. Qc6 axb3 23. axb3 Qa8 24. Qxa8 Rfxa8 25. Rxa5 Nxa5 26. Ra1 Rc8 27. b4 Nc6 28. Bd6 Rd8 29. Bc7 Rc8 30. b5 Na5 31. Bxb6 Nc4 32. Bc7 Rxc7 33. Ra8+ Rc8 34. Rxc8# 1-0

[Event "Krakow op-A 29th"]
[Site "Krakow"]
[Date "2019.01.02"]
[Round "7"]
[White "Golenia, Jan"]
[Black "Swiech, Joanna"]
[Result "1-0"]
[WhiteElo "2059"]
[BlackElo "1965"]
[PlyCount "87"]
[EventDate "2018.12.27"]
[EventType "swiss"]
[EventRounds "9"]
[EventCountry "POL"]
[SourceTitle "CBM 189 Extra"]
[Source "ChessBase"]
[SourceDate "2019.06.03"]
[SourceVersion "1"]
[SourceVersionDate "2019.06.03"]
[SourceQuality "1"]

1. d4 d5 2. c4 e6 3. Nf3 Nf6 4. g3 b6 5. Bg2 Bb7 6. 0-0 Bd6 7. Nc3 a6 8. Qc2 Nbd7 9. Rd1 0-0 10. cxd5 exd5 11. Nh4 g6 12. Bg5 Be7 13. Rac1 Rc8 14. Qb3 c6 15. Bh3 b5 16. Nf3 Ra8 17. Ne5 Nxe5 18. dxe5 Nd7 19. Bh6 Nc5 20. Qc2 Re8 21. b4 Ne6 22. Bxe6 fxe6 23. Ne4 Qc7 24. Nf6+ Bxf6 25. exf6 Qf7 26. Bg7 e5 27. Rd3 e4 28. Rc3 Re6 29. Qd2 Rd8 30. Qd4 Rd7 31. a4 Red6 32. axb5 axb5 33. Ra1 Re6 34. Ra7 Re8 35. Rca3 Re6 36. e3 Re8 37. Qb6 Rc8 38. Ra1 Rdc7 39. Bh6 Rd7 40. Bg7 Rdc7 41. Bh6 Rd7 42. h4 Re8 43. Bf4 Re6 44. Rxb7 1-0

[Event "Krakow op-A 29th"]
[Site "Krakow"]
[Date "2018.12.29"]
[Round "4"]
[White "Swiech, Joanna"]
[Black "Eggink, Mateusz"]
[Result "0-1"]
[WhiteElo "1965"]
[BlackElo "2138"]
[PlyCount "84"]
[EventDate "2018.12.27"]
[EventType "swiss"]
[EventRounds "9"]
[EventCountry "POL"]
[SourceTitle "CBM 189 Extra"]
[Source "ChessBase"]
[SourceDate "2019.06.03"]
[SourceVersion "1"]
[SourceVersionDate "2019.06.03"]
[SourceQuality "1"]

1. d4 d5 2. c4 e6 3. Nc3 Nf6 4. Nf3 Be7 5. Bg5 c6 6. e3 0-0 7. Bd3 Nbd7 8. 0-0 dxc4 9. Bxc4 c5 10. Qe2 a6 11. a4 b6 12. Rfd1 Bb7 13. dxc5 bxc5 14. Ne5 Qe8 15. Nxd7 Nxd7 16. Bxe7 Qxe7 17. Rd2 Ne5 18. f4 Nc6 19. Rad1 Qc7 20. Ne4 Nb4 21. Ng3 Bd5 22. Nh5 f5 23. Ng3 Qc6 24. b3 Rf6 25. Qf1 Raf8 26. Rc1 Qb6 27. Rc3 Rc8 28. Qb1 Rff8 29. Rf2 Qb7 30. Rd2 Rfd8 31. Qd1 Qa8 32. Qc1 Bxc4 33. Rxc4 Rxd2 34. Qxd2 Qd5 35. Qc3 Qd1+ 36. Nf1 Nd5 37. Qe5 Kf7 38. Kf2 Qxb3 39. Rc1 Qxa4 40. Qd6 Qc6 41. Qe5 c4 42. Nd2 Nb4 0-1

[Event "POL-chT blitz (Women)"]
[Site "Szczawno Zdroj"]
[Date "2018.12.15"]
[Round "4.6"]
[White "Swiech, Joanna"]
[Black "Smietanska, Wiktoria"]
[Result "1-0"]
[WhiteElo "1679"]
[BlackElo "1324"]
[PlyCount "74"]
[EventDate "2018.12.15"]
[EventType "team-swiss"]
[EventRounds "11"]
[EventCountry "POL"]
[SourceTitle "CBM 187 Extra"]
[Source "ChessBase"]
[SourceDate "2018.11.04"]
[SourceVersion "1"]
[SourceVersionDate "2018.11.04"]
[SourceQuality "1"]

1. d4 Nf6 2. c4 e6 3. a3 d5 4. Nc3 Be7 5. cxd5 exd5 6. Bg5 0-0 7. Nf3 c6 8. e3 Bg4 9. Be2 h6 10. Bh4 Nbd7 11. 0-0 Qc7 12. h3 Bxf3 13. Bxf3 Rac8 14. Rc1 Rfd8 15. Bg3 Qb6 16. Na4 Qa5 17. b4 Qa6 18. Be2 b5 19. Nc5 Bxc5 20. bxc5 Ne4 21. Bf4 Re8 22. Ra1 Nc3 23. Qd2 Nxe2+ 24. Qxe2 Nf6 25. a4 Re7 26. axb5 Qxb5 27. Qxb5 cxb5 28. Rfb1 Rb7 29. Rb4 Ne4 30. Ra5 Nc3 31. Kf1 Rc6 32. Ke1 a6 33. f3 Na4 34. Raxa4 bxa4 35. Rxb7 a3 36. Rb1 a2 37. Ra1 a5 1-0

[Event "EU-ch U16 Girls 28th"]
[Site "Riga"]
[Date "2018.08.26"]
[Round "6"]
[White "Swiech, Joanna"]
[Black "Granovskaya, Ekaterina"]
[Result "1-0"]
[WhiteElo "1946"]
[BlackElo "1763"]
[PlyCount "59"]
[EventDate "2018.08.20"]
[EventType "swiss"]
[EventRounds "9"]
[EventCountry "LAT"]
[SourceTitle "CBM 186 Extra"]
[Source "ChessBase"]
[SourceDate "2018.08.24"]
[SourceVersion "1"]
[SourceVersionDate "2018.08.24"]
[SourceQuality "1"]

1. d4 d5 2. c4 dxc4 3. Nf3 Nf6 4. Nc3 a6 5. e3 b5 6. a4 b4 7. Na2 e6 8. Bxc4 Be7 9. 0-0 0-0 10. Bd2 a5 11. Nc1 Bb7 12. Ne5 Nbd7 13. Ncd3 c5 14. dxc5 Nxc5 15. Nxc5 Bxc5 16. Qe2 Qc7 17. f4 Rad8 18. Rfd1 Ne4 19. Be1 Kh8 20. Bf2 f6 21. Nd3 Nxf2 22. Nxc5 Rxd1+ 23. Rxd1 Nxd1 24. Nxe6 Qb6 25. Nxf8 Nxe3 26. Nd7 Qa7 27. Qf2 Bxg2 28. Nf8 Qd4 29. Ng6+ hxg6 30. Qh4# 1-0

[Event "Bialystok Zamenhof Memorial-B 36th"]
[Site "Bialystok"]
[Date "2017.12.28"]
[Round "4"]
[White "Swiech, Joanna"]
[Black "Paprocki, Jaroslaw"]
[Result "0-1"]
[WhiteElo "1918"]
[BlackElo "2184"]
[PlyCount "106"]
[EventDate "2017.12.27"]
[EventType "swiss"]
[EventRounds "9"]
[EventCountry "POL"]
[SourceTitle "CBM 182 Extra"]
[Source "ChessBase"]
[SourceDate "2018.02.23"]
[SourceVersion "1"]
[SourceVersionDate "2018.02.23"]
[SourceQuality "1"]

1. d4 Nf6 2. c4 b6 3. Nc3 Bb7 4. Bg5 e6 5. e3 h6 6. Bh4 Bb4 7. Nf3 g5 8. Bg3 Ne4 9. Qc2 d6 10. Bd3 Bxc3+ 11. bxc3 f5 12. Bxe4 Bxe4 13. Qe2 Nd7 14. 0-0 h5 15. h4 Bxf3 16. Qxf3 g4 17. Qf4 Qf6 18. e4 0-0-0 19. exf5 Qxf5 20. Qc1 Qd3 21. Qa3 Qxc4 22. Qxa7 Nb8 23. Qa3 Nc6 24. Rfe1 Rhe8 25. Re3 Kb7 26. Qb2 Ra8 27. Qb1 Ne7 28. Qd3 Qxd3 29. Rxd3 Nf5 30. Rd2 Ra3 31. Rc2 Kc6 32. Kf1 Rea8 33. Ke2 b5 34. Kd2 Kd7 35. Rb2 R8a5 36. Kc2 Ne7 37. Bf4 Nd5 38. Bd2 Nb6 39. Kc1 Nc4 40. Rc2 Kc6 41. Kd1 Kd5 42. Ke2 Ra8 43. Kd1 c6 44. Bc1 R3a7 45. Re2 Rf8 46. Ke1 Ra4 47. a3 Rfa8 48. Rea2 Na5 49. Bb2 Kc4 50. Kd1 Rf8 51. Bc1 Kxc3 52. Be3 Nc4 53. Rc2+ Kd3 0-1

[Event "EU-ch rapid"]
[Site "Katowice"]
[Date "2017.12.16"]
[Round "1"]
[White "Swiech, Joanna"]
[Black "Kovalev, Denis"]
[Result "0-1"]
[WhiteElo "1918"]
[BlackElo "2504"]
[PlyCount "106"]
[EventDate "2017.12.16"]
[EventType "swiss (rapid)"]
[EventRounds "11"]
[EventCountry "POL"]
[SourceTitle "CBM 182 Extra"]
[Source "ChessBase"]
[SourceDate "2018.02.23"]
[SourceVersion "1"]
[SourceVersionDate "2018.02.23"]
[SourceQuality "1"]

1. d4 Nf6 2. c4 g6 3. Nc3 d5 4. Nf3 Bg7 5. e3 0-0 6. Bd3 c5 7. 0-0 cxd4 8. Nxd4 Nc6 9. Nxc6 bxc6 10. cxd5 cxd5 11. Qe2 Rb8 12. Rb1 e5 13. h3 Re8 14. Rd1 d4 15. Ne4 Nd5 16. exd4 exd4 17. Qf1 Bf5 18. Ng3 Bxd3 19. Qxd3 Qa5 20. a3 Qa4 21. b3 Qc6 22. Bd2 Nc3 23. Bxc3 dxc3 24. Qc2 Rbd8 25. Rbc1 Qa6 26. a4 Qe6 27. Rxd8 Rxd8 28. Ne4 Qe5 29. Qb1 Rc8 30. Qd3 Qe6 31. Qc2 h5 32. Rd1 Rb8 33. Rb1 a5 34. Nc5 Qd5 35. Nd3 Rd8 36. Rd1 Qe4 37. Ne1 Qe7 38. Rxd8+ Qxd8 39. Nd3 Qd5 40. Kf1 Bd4 41. Ne1 Bf6 42. Nd3 Qe4 43. Ne1 Qf4 44. Nf3 Kg7 45. Ke2 g5 46. Ne1 Bd4 47. Nd3 Qe4+ 48. Kf1 g4 49. hxg4 hxg4 50. Qe2 Qf5 51. Ke1 Kf8 52. Kd1 Bxf2 53. Nxf2 Qb1# 0-1

[Event "POL-chT U20 1st League"]
[Site "Szczyrk"]
[Date "2017.07.30"]
[Round "9.29"]
[White "Marczuk, Anna"]
[Black "Swiech, Joanna"]
[Result "0-1"]
[WhiteElo "1967"]
[BlackElo "1847"]
[PlyCount "76"]
[EventDate "2017.07.22"]
[EventType "team-tourn"]
[EventRounds "9"]
[EventCountry "POL"]
[SourceTitle "EXT 2019"]
[Source "ChessBase"]
[SourceDate "2018.10.10"]
[SourceVersion "1"]
[SourceVersionDate "2018.10.10"]
[SourceQuality "1"]

1. Nf3 Nc6 2. d4 d5 3. Bf4 Bg4 4. e3 e6 5. Be2 Bd6 6. Bg3 Nf6 7. Nbd2 0-0 8. 0-0 Ne7 9. c4 c5 10. dxc5 Bxc5 11. Nb3 Bd6 12. Bxd6 Qxd6 13. cxd5 Nexd5 14. Nfd4 Bxe2 15. Qxe2 e5 16. Nb5 Qe7 17. Rac1 a6 18. Nc3 Rac8 19. Nxd5 Nxd5 20. Rfd1 Rxc1 21. Rxc1 Rd8 22. a3 g6 23. h3 Nb6 24. Rc3 Na4 25. Rc2 b5 26. Na5 Rd6 27. Rc8+ Kg7 28. Qc2 Qd7 29. b3 Rd2 30. Qc7 Qf5 31. f4 Nb6 32. Rd8 Nd7 33. Qc6 Qd3 34. Qf3 e4 35. Qg4 Qxe3+ 36. Kh2 Nf6 37. Qc8 Qxf4+ 38. Kh1 Qf1+ 0-1

[Event "POL-chT U20 1st League"]
[Site "Szczyrk"]
[Date "2017.07.27"]
[Round "6.17"]
[White "Swiech, Joanna"]
[Black "Buchta, Agnieszka"]
[Result "1/2-1/2"]
[WhiteElo "1847"]
[BlackElo "1709"]
[PlyCount "66"]
[EventDate "2017.07.22"]
[EventType "team-tourn"]
[EventRounds "9"]
[EventCountry "POL"]
[SourceTitle "EXT 2019"]
[Source "ChessBase"]
[SourceDate "2018.10.10"]
[SourceVersion "1"]
[SourceVersionDate "2018.10.10"]
[SourceQuality "1"]

1. e4 c5 2. Nf3 e6 3. c4 Nc6 4. Nc3 e5 5. Be2 g6 6. d3 Bg7 7. Nd5 Nge7 8. Bg5 0-0 9. Nf6+ Kh8 10. h4 Qa5+ 11. Kf1 Ng8 12. Nxg8 Kxg8 13. h5 d6 14. Qc1 Nd4 15. Nxd4 cxd4 16. Bh6 Bxh6 17. Qxh6 Qc7 18. g4 Qe7 19. g5 Be6 20. Kg2 Rfd8 21. Rh4 Rd7 22. Rah1 Qf8 23. Qxf8+ Rxf8 24. Bg4 Bxg4 25. Rxg4 Rb8 26. f4 b5 27. b3 bxc4 28. dxc4 a5 29. f5 a4 30. hxg6 fxg6 31. fxg6 hxg6 32. Rgh4 Kf7 33. Rh7+ Ke6 1/2-1/2

[Event "POL-chT U20 1st League"]
[Site "Szczyrk"]
[Date "2017.07.25"]
[Round "4.23"]
[White "Swiech, Joanna"]
[Black "Waszczuk, Patrycja"]
[Result "1-0"]
[WhiteElo "1847"]
[BlackElo "1855"]
[PlyCount "81"]
[EventDate "2017.07.22"]
[EventType "team-tourn"]
[EventRounds "9"]
[EventCountry "POL"]
[SourceTitle "EXT 2019"]
[Source "ChessBase"]
[SourceDate "2018.10.10"]
[SourceVersion "1"]
[SourceVersionDate "2018.10.10"]
[SourceQuality "1"]

1. d4 Nf6 2. c4 e6 3. Nc3 Bb4 4. Qc2 d5 5. Nf3 0-0 6. Bg5 Nbd7 7. e3 h6 8. Bh4 c5 9. cxd5 exd5 10. Be2 Qa5 11. 0-0 Bxc3 12. bxc3 c4 13. Nd2 Re8 14. Bf3 Qc7 15. Rfb1 Qc6 16. Rb4 Qe6 17. a4 g5 18. Bg3 h5 19. h4 g4 20. Bd1 Nf8 21. Qb1 N6h7 22. Bc2 f5 23. Rb5 b6 24. a5 Bd7 25. axb6 Bxb5 26. b7 Bd7 27. bxa8Q Rxa8 28. Be5 Bc8 29. Ra5 a6 30. Bb8 Nf6 31. Rc5 a5 32. Nxc4 Ba6 33. Ne5 Ne4 34. Bxe4 fxe4 35. Rc6 Qe7 36. Qb3 Kh8 37. Bd6 Qb7 38. Rb6 a4 39. Qb4 Qg7 40. Bxf8 Rxf8 41. Ng6+ 1-0